| 000 | 00426nam a2200169Ia 4500 | ||
|---|---|---|---|
| 008 | 131103s9999 xx 000 0 und d | ||
| 040 | _aLoreto College | ||
| 041 | _aEnglish | ||
| 082 |
_aF/SHE _bLCLIB/ |
||
| 100 | _aSheed,Wilfred | ||
| 245 | 2 |
_aA middle class education _cWilfred Sheed |
|
| 260 |
_aLondon _bCassell _c1960 |
||
| 300 |
_a387 p. _c 20 cm. |
||
| 650 | _aFiction in English | ||
| 850 | _aLCLIB | ||
| 942 | _cBK | ||
| 999 |
_c15014 _d65493 |
||